UBT Library

Probability/ (Record no. 408)

000 -LEADER
fixed length control field 00501nam a22001937a 4500
005 - DATE AND TIME OF LATEST TRANSACTION
control field 20140306080502.0
008 - FIXED-LENGTH DATA ELEMENTS--GENERAL INFORMATION
fixed length control field 140306b xxu||||| |||| 00| 0 eng d
020 ## - INTERNATIONAL STANDARD BOOK NUMBER
International Standard Book Number 978-0-07-178097-1
080 ## - UNIVERSAL DECIMAL CLASSIFICATION NUMBER
Edition identifier 519.2
100 ## - Rafti
-- G.Bluman, Allan
245 ## - TITLE STATEMENT
Title Probability/
Statement of responsibility, etc G.Bluman, Allan
250 ## -
-- 2 st.ed.:
260 ## -
-- New York
-- Mc Graw Hill
-- 2012
300 ## -
-- 245 f:
-- me il.;
-- 23 cm
500 ## -
-- [Përfshin indeks f. 243-245]
650 ## -
-- Probabiliteti
650 ## -
-- Logjika
942 ## - ADDED ENTRY ELEMENTS (KOHA)
Source of classification or shelving scheme
Item type Books
Holdings
Withdrawn status Lost status Source of classification or shelving scheme Damaged status Not for loan Collection code Permanent location Current location Shelving location Date acquired Total Checkouts Full call number Barcode Date last seen Price effective from Koha item type
          Koleksioni i përgjithshem UBT - Ferizaj UBT - Ferizaj Koleksioni i përgjithshem 03/06/2014   519.2 BLU 003-000041 03/06/2014 03/06/2014 Books
          Koleksioni i përgjithshem UBT - Ferizaj UBT - Ferizaj Koleksioni i përgjithshem 03/06/2014   519.2 BLU 003-000042 03/06/2014 03/06/2014 Books
          Koleksioni i përgjithshem UBT - Ferizaj UBT - Ferizaj Koleksioni i përgjithshem 03/06/2014   519.2 BLU 003-000043 03/06/2014 03/06/2014 Books
          Koleksioni i përgjithshem UBT - Ferizaj UBT - Ferizaj Koleksioni i përgjithshem 03/06/2014   519.2 BLU 003-000044 03/06/2014 03/06/2014 Books
          Koleksioni i përgjithshem UBT - Ferizaj UBT - Ferizaj Koleksioni i përgjithshem 03/06/2014   519.2 BLU 003-000045 03/06/2014 03/06/2014 Books
          Koleksioni i përgjithshem UBT - Ferizaj UBT - Ferizaj Koleksioni i përgjithshem 03/06/2014   519.2 BLU 003-000046 03/06/2014 03/06/2014 Books
          Koleksioni i përgjithshem UBT - Ferizaj UBT - Ferizaj Koleksioni i përgjithshem 03/06/2014   519.2 BLU 003-000047 03/06/2014 03/06/2014 Books
          Koleksioni i përgjithshem UBT - Ferizaj UBT - Ferizaj Koleksioni i përgjithshem 03/06/2014   519.2 BLU 003-000048 03/06/2014 03/06/2014 Books
          Koleksioni i përgjithshem UBT - Ferizaj UBT - Ferizaj Koleksioni i përgjithshem 03/06/2014   519.2 BLU 003-000049 03/06/2014 03/06/2014 Books
          Koleksioni i përgjithshem UBT - Ferizaj UBT - Ferizaj Koleksioni i përgjithshem 03/06/2014   519.2 BLU 003-000050 03/06/2014 03/06/2014 Books
UBT Library © 2015-2024. All rights reserved University Education for Business and Technology